True or False Quiz - Statistics

General Stats
  • This quiz has been taken 26 times
  • The average score is 8 of 15
Answer Stats
Question Answer % Correct
The capital of Uzbekistan is Tashkent True
86%
Nusantara will be on the island of Sumatra False
71%
Lake Superior is the largest lake in the world by volume. False
71%
Earth is the third planet from the sun. True
71%
The capital city of Greenland is Nuuk True
71%
Squawk 7700 indicates aircraft hijacking. False
57%
Emirates was the first commercial operator of the Airbus A380 False
43%
The Berlin wall fell in 1991. False
43%
Balboa is the main port city on the Suez canal. False
43%
The largest island in Canada is Ellesmere Island. False
43%
Obsidian is a metamorphic rock. False
43%
Canada shares a land border with 2 countries. True
43%
Singapore's official languages are: Tamil, English, Mandarin, Malay, and Sinhalese. False
29%
Costa Rica and Switzerland do not have armies. False
29%
The most populated landlocked country is Ethiopia. True
29%
No matching quizzes found
Score Distribution
Percent of People with Each Score
Percentile by Number Answered
Your Score History
You have not taken this quiz